[Event "Tuzla op 16th"]
[Site "Tuzla"]
[Date "2022.11.27"]
[Round "6"]
[White "Sinanovic, Ermin"]
[Black "Sakic, Dino"]
[Result "1-0"]
[WhiteElo "2127"]
[BlackElo "1798"]
[PlyCount "55"]
[EventDate "2022.11.24"]
[EventType "swiss"]
[EventRounds "7"]
[EventCountry "BIH"]
[SourceTitle "CBM 211 Extra"]
[Source "ChessBase"]
[SourceDate "2023.01.31"]
[SourceVersion "1"]
[SourceVersionDate "2023.01.31"]
[SourceQuality "1"]

1. e4 Nf6 2. e5 Nd5 3. d4 d6 4. c4 Nb6 5. exd6 exd6 6. Nf3 Bg4 7. Be2 Be7 8. 0-0 0-0 9. Nc3 Nc6 10. b3 Bf6 11. Be3 Bh5 12. Qd2 Re8 13. h3 Bg6 14. Rfe1 Nd7 15. a3 Ne7 16. g4 c5 17. Rad1 Qa5 18. Nb5 Qb6 19. dxc5 Nxc5 20. Qa2 d5 21. b4 dxc4 22. Nd6 Red8 23. Bxc5 Qc6 24. Bxc4 Qxf3 25. Bxf7+ Kh8 26. Bxg6 Rxd6 27. Rxd6 Nxg6 28. Qf7 1-0